Разработка и реализация компонентов профессиональной среды преподавателя вуза; Молодежь и современные информационные технологии

書誌詳細
Parent link:Молодежь и современные информационные технологии.— 2003.— С. 18-20
第一著者: Кузьмин Е. А.
その他の著者: Ботыгин И. А.
言語:ロシア語
出版事項: 2003
主題:
フォーマット: MixedMaterials 図書の章
KOHA link:https://koha.lib.tpu.ru/cgi-bin/koha/opac-detail.pl?biblionumber=145424

MARC

LEADER 00000naa2a2200000 4500
001 145424
005 20231031144059.0
035 |a (RuTPU)RU\TPU\book\157630 
090 |a 145424 
100 |a 20081016d2003 k y0rusy50 ca 
101 0 |a rus 
102 |a RU 
200 1 |a Разработка и реализация компонентов профессиональной среды преподавателя вуза  |f Е. А. Кузьмин, И. А. Ботыгин 
463 0 |0 (RuTPU)RU\TPU\book\66157  |y 5-98928-001-3  |t Молодежь и современные информационные технологии  |o Сборник трудов региональной научно-практической конференции студентов, г.Томск, 25-26 февраля 2003 г.  |f Томский политехнический университет  |v С. 18-20  |d 2003  |p 190 с. 
610 1 |a преподаватели 
610 1 |a компьютерные технологии 
610 1 |a заполнение документов 
610 1 |a электронные документы 
610 1 |a документы 
610 1 |a учебные процессы 
610 1 |a автоматизация 
610 1 |a труды учёных ТПУ 
700 1 |a Кузьмин  |b Е. А. 
701 1 |a Ботыгин  |b И. А. 
801 1 |a RU  |b 63413507  |c 20081016  |g PSBO 
801 2 |a RU  |b 63413507  |c 20180123  |g RCR 
942 |c BK